000 00680nam a2200217 a 4500
999 _c6316
_d6316
001 6316
003 BD-JhCC
005 20180121125439.0
008 180121b xxu||||| |||| 00| 0 eng d
035 _a(BD-JhCC)6316
040 _aBD-JhCC
_dBD-JhCC
041 _aeng
082 _a297
_bROS 1991
100 _aরশীদ, মোহাম্মদ মামুনুর
245 _aনকশায়ে নকশবন্দ /
_cমোহাম্মদ মামুনুর রশীদ
260 _aঢাকা :
_bনাটোর প্রেস লিমিটেড,
_c1991.
300 _a86 p. :
_c22 cm.
650 _aIslam
942 _2ddc
_cBK